Statistics for Jay Baruchel Filmography

Click here to take the quiz!

General Stats

  • This quiz has been taken 21 times
    (5 since last reset)
  • The average score is 23 of 79

Answer Stats

TypeYearName% Correct
Film2010How to Train Your Dragon
100%
Video Game2010How to Train Your Dragon
100%
Film2014How to Train Your Dragon 2
100%
Film2019How to Train Your Dragon: The Hidden World
100%
Film2010She's Out of My League
80%
Film2013This Is the End
80%
Film2023BlackBerry
60%
Film2007Knocked Up
60%
Short Film2011Book of Dragons
40%
TV Show2012-2014DreamWorks Dragons
40%
Web Series2023FUBAR
40%
Short Film2011Gift of the Night Fury
40%
Film2006I'm Reed Fish
40%
TV Short2010Legend of the Boneknapper Dragon
40%
Film2004Million Dollar Baby
40%
Film2009Night at the Museum: Battle of the Smithsonian
40%
Film2010The Sorcerer's Apprentice
40%
TV Show2014Trailer Park Boys
40%
Web Series2019, 2020Trailer Park Boys: The Animated Series
40%
TV Show2001-2003Undeclared
40%
Film2000Almost Famous
20%
TV Show1995, 1999, 2000Are You Afraid of the Dark?
20%
TV Show2012Being Human
20%
Short Film2023Bird Hostage
20%
Film2012Cosmopolis
20%
Short Film2014Dawn of the Dragon Racers
20%
Film2014Don Peyote
20%
TV Show2013-2018Dragons: Race to the Edge
20%
TV Show2013DreamWorks How to Train Your Dragon Legends
20%
Short Film2002Edgar and Jane
20%
TV Show2012En Audition Avec Simon
20%
Film2009Fanboys
20%
Film2005Fetching Cody
20%
Film2010Good Neighbors
20%
Film2011Goon
20%
Film2017Goon: Last of the Enforcers
20%
Short Film2019How to Train Your Dragon: Homecoming
20%
FilmTBAHumane
20%
Short Film2007Jay and Seth versus the Apocalypse
20%
Film2007Just Buried
20%
TV Show2014Just for Laughs: All-Access
20%
TV Show2005-2006Just Legal
20%
TV Show2018Letterkenny
20%
Web Series2022LOL: Last One Laughing Canada
20%
Film2016Lovesick
20%
TV Show2015-2017Man Seeking Woman
20%
Web Series2011Marcy
20%
TV Film2002Matthew Blackheart: Monster Smasher
20%
TV Show1996-1998My Hometown
20%
Film2003Nemesis Game
20%
Film2008Nick & Norah's Infinite Playlist
20%
Short Film2018NKPC: New Kid Placement Committee
20%
TV Show2006, 2007NUMB3RS
20%
Music Video2021Ouch
20%
Commercial2000Pillsbury Pizza Pops
20%
TV Show1997-1998Popular Mechanics for Kids
20%
Film2019Random Acts of Violence
20%
Film2008Real Time
20%
Film2014RoboCop
20%
Short Film2017Robot Bullies
20%
Film1999Running Home
20%
Short Film2018Silence
20%
TV Show2023Son of a Critch
20%
Film2013The Art of the Steal
20%
TV Show2011The Drunk and On Drugs Happy Funtime Hour
20%
Web Series2022The Kids in the Hall
20%
Film2019The Kindness of Strangers
20%
Web Series2018The Magic School Bus Rides Again
20%
TV Show2019-PresentThe Moodys
20%
TV Short2013The Real World: This Is the End Edition
20%
Film2002The Rules of Attraction
20%
Short Film1998The Sickroom
20%
TV Show2004The Stones
20%
Film2009The Trotsky
20%
TV Show1998The Worst Witch
20%
TV Show2020Trailer Park Boys: Park After Dark
20%
Film2008Tropic Thunder
20%
Documentary Mini-Series2022We're All Gonna Die (Even Jay Baruchel)
20%
Film1999Who Gets the House?
20%

Score Distribution

Percentile by Number Answered

Percent of People with Each Score

Your Score History

You have not taken this quiz since the last reset